000 01054nam a22003377a 4500
001 BR2013007235
003 BR-BrBNA
005 20230928104247.0
007 ta
008 230509b bl.||||| |||| 00| 0 por d
040 _aBR-BrBNA
_bpor
_cBiblioteca Nacional de Agricultura
041 _a(Por)
072 _aF01; Q02
_b1190
090 _ 1190 BR2013007235
110 1 _aGoverno do Estado do Pará, Belém, PA (Brasil)
_95386
110 1 _aAgência de Defesa Agropecuária do Estado do Pará, Belém, PA (Brasil). Gerência de Inspeção de Produtos de Origem Vegetal
245 1 _aA qualidade do açaí depende de você: recomendações técnicas para o preparo do açaí
260 3 _aBelém, PA (Brasil):
_c2012.
300 _a10 p.
500 _a14 illus
650 _aAÇAI
650 _aCOLHEITA
650 _aDEBULHA
650 _aARMAZENAMENTO
650 _aTRANSPORTE
650 _aCOMERCIALIZAÇÃO
650 _aPROCESSAMENTO
650 _aHIGIENE DE ALIMENTO
909 _a202309
_bLucia
_c55
_dLucia Elande
942 _cBK
999 _c78959
_d78959